[Event "Wch Seniors 21st"]
[Site "Rijeka"]
[Date "2011.11.15"]
[Round "1"]
[White "Balashov, Yuri S"]
[Black "Bejleri, Medi"]
[Result "1-0"]
[WhiteElo "2443"]
[BlackElo "2092"]
[PlyCount "59"]
[EventDate "2011.11.15"]
[EventType "swiss"]
[EventRounds "11"]
[EventCountry "CRO"]
[SourceTitle "CBM 145 Extra"]
[Source "ChessBase"]
[SourceDate "2012.01.03"]
[SourceVersion "1"]
[SourceVersionDate "2012.01.03"]
[SourceQuality "1"]

1. d4 Nf6 2. Nf3 e6 3. c4 d5 4. Nc3 Be7 5. Bg5 0-0 6. e3 b6 7. Rc1 Nbd7 8. cxd5 exd5 9. Bd3 h6 10. Bf4 c5 11. 0-0 a6 12. Ne5 Bb7 13. Qf3 b5 14. Bf5 cxd4 15. exd4 Nb6 16. Ne2 Nc4 17. Ng3 Qb6 18. Bb1 Nd6 19. Qd3 Rad8 20. f3 Nde8 21. Nf5 Qe6 22. Rfe1 Bb4 23. Re2 Ne4 24. fxe4 dxe4 25. Qh3 Bc8 26. Bxe4 Nf6 27. Qg3 Nh5 28. Qg4 g6 29. Nxh6+ Kh7 30. Qxh5 1-0